[Event "LIBEREC OPEN 2019"]
[Site "Clarion Grandhotel Zlaty Lev, Liberec"]
[Date "2019.03.02"]
[Round "9"]
[White "Ochedzan, Tymon"]
[Black "Grzesik, Norbert"]
[Result "1-0"]
[WhiteElo "2076"]
[BlackElo "2007"]
[PlyCount "95"]
[EventDate "2019.02.23"]

1. e4 c5 2. Nf3 g6 3. d4 cxd4 4. Nxd4 Nc6 5. c4 Nf6 6. Nc3 d6 7. Be2 Nxd4 8.
Qxd4 Bg7 9. c5 dxc5 10. Qxc5 O-O 11. O-O b6 12. Qb4 a5 13. Qa4 Bd7 14. Bb5 Qc7
15. h3 Bxb5 16. Qxb5 Qb7 17. f3 Nd7 18. Rd1 Nc5 19. Be3 Rfc8 20. Nd5 Rab8 21.
Bf4 e5 22. Bg5 Kh8 23. Be3 Qc6 24. Qxc6 Rxc6 25. Rac1 Bf8 26. Rc2 Rbc8 27. Rdc1
b5 28. a3 a4 29. Nb6 R8c7 30. Nd5 Rc8 31. Kf1 Bd6 32. Ke2 Kg7 33. Kd1 f6 34.
Bxc5 Rxc5 35. Rxc5 Rxc5 36. Rxc5 Bxc5 37. Nc3 b4 38. Nxa4 Bf8 39. axb4 Bxb4 40.
Ke2 Kf7 41. Kd3 Ke6 42. Kc4 Be7 43. Kb5 Kd7 44. Nb6+ Ke6 45. Kc6 h5 46. Nd5 Bf8
47. b4 g5 48. g4 1-0

[Event "LIBEREC OPEN 2019"]
[Site "Clarion Grandhotel Zlaty Lev, Liberec"]
[Date "2019.03.02"]
[Round "9"]
[White "Valenta, Vit"]
[Black "Ivanov, Mikhail M"]
[Result "1/2-1/2"]
[WhiteElo "2155"]
[BlackElo "2387"]
[PlyCount "60"]
[EventDate "2019.02.23"]

1. e4 c5 2. Nc3 Nc6 3. g3 g6 4. Bg2 Bg7 5. f4 d6 6. Nf3 Bg4 7. h3 Bxf3 8. Bxf3
Nf6 9. O-O Nd7 10. d3 O-O 11. Kh2 Nd4 12. Bg2 Rb8 13. a4 a6 14. Nd5 e6 15. Ne3
Qe7 16. c3 Nc6 17. Bd2 Rfc8 18. Qe2 b5 19. axb5 axb5 20. Ra6 Nb6 21. f5 Nd7 22.
fxe6 fxe6 23. Ng4 Nde5 24. Nh6+ Kh8 25. Be3 Rf8 26. Rxf8+ Qxf8 27. Ng4 Qc8 28.
Ra1 b4 29. Nxe5 Bxe5 30. Qd2 bxc3 1/2-1/2

[Event "LIBEREC OPEN 2019"]
[Site "Clarion Grandhotel Zlaty Lev, Liberec"]
[Date "2019.03.02"]
[Round "9"]
[White "Vitak, Jiri"]
[Black "Czarniecka, Aleksandra"]
[Result "1/2-1/2"]
[WhiteElo "2157"]
[BlackElo "2022"]
[PlyCount "119"]
[EventDate "2019.02.23"]

1. d4 Nf6 2. c4 g6 3. Nc3 Bg7 4. e4 d6 5. f3 O-O 6. Be3 e5 7. Nge2 c6 8. Qd2
Re8 9. d5 cxd5 10. cxd5 Bd7 11. g4 Qa5 12. Ng3 Rc8 13. h4 Na6 14. Be2 Nc5 15.
Rb1 Qc7 16. h5 a6 17. hxg6 fxg6 18. g5 Ne8 19. Bf1 Bb5 20. Bxb5 axb5 21. Nxb5
Qf7 22. Qh2 Rxa2 23. Qxh7+ Kf8 24. Nc3 Rxb2 25. O-O Rxb1 26. Rxb1 Nd3 27. Nge2
Nf4 28. Qh4 Kg8 29. Qg4 Ra8 30. Bxf4 exf4 31. Nb5 Be5 32. Ned4 Ng7 33. Rc1
Bxd4+ 34. Nxd4 Rf8 35. Nb5 Ne8 36. Qe6 Qxe6 37. dxe6 Kg7 38. Rc8 Rh8 39. Rb8
Rh5 40. Rxe8 Rxg5+ 41. Kf2 Rxb5 42. Re7+ Kf6 43. Rf7+ Kxe6 44. Rxf4 Rb2+ 45.
Ke3 b5 46. Rg4 Kf6 47. Rg1 Rc2 48. Rb1 Rc5 49. f4 Rc3+ 50. Kd4 Rf3 51. e5+
dxe5+ 52. fxe5+ Ke6 53. Rxb5 Rf4+ 54. Ke3 g5 55. Ra5 Rf1 56. Kd4 Rd1+ 57. Ke3
Re1+ 58. Kf3 Rxe5 59. Rxe5+ Kxe5 60. Kg4 1/2-1/2

[Event "LIBEREC OPEN 2019"]
[Site "Clarion Grandhotel Zlaty Lev, Liberec"]
[Date "2019.03.02"]
[Round "9"]
[White "Otruba, Marek"]
[Black "Cermak, Michal"]
[Result "1/2-1/2"]
[WhiteElo "2015"]
[BlackElo "2106"]
[PlyCount "44"]
[EventDate "2019.02.23"]

1. d4 Nf6 2. c4 e6 3. g3 Bb4+ 4. Bd2 Qe7 5. Bg2 Nc6 6. Nf3 O-O 7. O-O Bxd2 8.
Qxd2 d6 9. Nc3 e5 10. d5 Nb8 11. Rfc1 Nbd7 12. b4 a5 13. a3 Nb6 14. Na2 axb4
15. axb4 Bd7 16. Qb2 Na4 17. Qc2 c5 18. b5 e4 19. Ne1 Nb6 20. e3 Ra4 21. Bf1
Rfa8 22. Qb2 R8a7 1/2-1/2

[Event "LIBEREC OPEN 2019"]
[Site "Clarion Grandhotel Zlaty Lev, Liberec"]
[Date "2019.03.02"]
[Round "9"]
[White "Romanov, Sergey"]
[Black "Jordanov, Mihail"]
[Result "0-1"]
[WhiteElo "2139"]
[BlackElo "1992"]
[PlyCount "40"]
[EventDate "2019.02.23"]

1. e4 e5 2. Nf3 Nc6 3. Bc4 Nf6 4. Ng5 d5 5. exd5 Na5 6. Bb5+ c6 7. dxc6 bxc6 8.
Bd3 h6 9. Ne4 Nd5 10. O-O Nf4 11. Be2 f5 12. Ng3 Bc5 13. d3 O-O 14. Bf3 g5 15.
a3 g4 16. b4 gxf3 17. Qxf3 Bd4 18. c3 Nb3 19. Qxc6 Qd5 20. Qxh6 Qxg2# 0-1

[Event "LIBEREC OPEN 2019"]
[Site "Clarion Grandhotel Zlaty Lev, Liberec"]
[Date "2019.03.02"]
[Round "9"]
[White "Kruijf, Caspar"]
[Black "Bakhtin, Vladimir A"]
[Result "1/2-1/2"]
[WhiteElo "1989"]
[BlackElo "2138"]
[PlyCount "43"]
[EventDate "2019.02.23"]

1. e4 d5 2. exd5 Qxd5 3. Nc3 Qa5 4. d4 Nf6 5. Nf3 Bg4 6. h3 Bh5 7. g4 Bg6 8.
Ne5 e6 9. Bg2 Be4 10. Bxe4 Nxe4 11. Qf3 Nd6 12. Bd2 f6 13. Nd3 Nc6 14. Ne2 Qd5
15. Qxd5 exd5 16. O-O-O O-O-O 17. c3 Nc4 18. Bf4 Bd6 19. Bxd6 Rxd6 20. b3 Nb6
21. Ng3 Rdd8 22. Rde1 1/2-1/2

[Event "LIBEREC OPEN 2019"]
[Site "Clarion Grandhotel Zlaty Lev, Liberec"]
[Date "2019.03.02"]
[Round "9"]
[White "Jinova, Lucie"]
[Black "Peniska, Pavel"]
[Result "1-0"]
[WhiteElo "2096"]
[BlackElo "1851"]
[PlyCount "73"]
[EventDate "2019.02.23"]

1. e4 c5 2. c3 Nf6 3. e5 Nd5 4. d4 cxd4 5. cxd4 e6 6. Nc3 d6 7. Nf3 Nc6 8. exd6
Nxc3 9. bxc3 Bxd6 10. Bd3 Bd7 11. O-O Be7 12. Bc2 O-O 13. Qd3 g6 14. Re1 Re8
15. Rb1 b6 16. Bd2 Bc8 17. h4 Bb7 18. h5 Rc8 19. hxg6 hxg6 20. Rxe6 Bf6 21.
Rxe8+ Qxe8 22. Re1 Qd7 23. Bb3 Kg7 24. d5 Na5 25. c4 Nxb3 26. axb3 b5 27. Bc3
Bxc3 28. Qxc3+ Kg8 29. Ne5 Qxd5 30. cxd5 Rxc3 31. d6 Bc6 32. Nxc6 Rd3 33. Re8+
Kg7 34. Rd8 Kf6 35. d7 Rd1+ 36. Kh2 Rd6 37. Nb8 1-0

[Event "LIBEREC OPEN 2019"]
[Site "Clarion Grandhotel Zlaty Lev, Liberec"]
[Date "2019.03.02"]
[Round "9"]
[White "Verwoert, Jef"]
[Black "Elias, Jakub"]
[Result "1/2-1/2"]
[WhiteElo "2036"]
[BlackElo "1910"]
[PlyCount "54"]
[EventDate "2019.02.23"]

1. c4 e5 2. g3 Nf6 3. Bg2 d5 4. cxd5 Nxd5 5. Nf3 Nc6 6. O-O Be7 7. Nc3 Be6 8.
d3 Nb6 9. Be3 O-O 10. Rc1 f6 11. a3 Nd5 12. Nxd5 Bxd5 13. Bc5 Bxc5 14. Rxc5 Qd6
15. Qc2 Kh8 16. e3 Rfd8 17. Rc1 Rac8 18. b4 Rd7 19. b5 Ne7 20. d4 b6 21. Rc3
exd4 22. Nxd4 Bxg2 23. Kxg2 Qd5+ 24. Kg1 Ng6 25. Qf5 Ne5 26. a4 a6 27. Qe6 Nf3+
1/2-1/2

[Event "LIBEREC OPEN 2019"]
[Site "Clarion Grandhotel Zlaty Lev, Liberec"]
[Date "2019.03.02"]
[Round "9"]
[White "Hlavina, Matous"]
[Black "Hofman, Krystof"]
[Result "1/2-1/2"]
[WhiteElo "1985"]
[BlackElo "2025"]
[PlyCount "84"]
[EventDate "2019.02.23"]

1. e4 c5 2. Nf3 d6 3. d4 cxd4 4. Nxd4 Nf6 5. Nc3 a6 6. g3 g6 7. Bg2 Bg7 8. O-O
O-O 9. Nde2 Nc6 10. h3 Bd7 11. a4 Rb8 12. Be3 b5 13. axb5 axb5 14. Nd5 Nxd5 15.
exd5 Ne5 16. Bd4 Qc8 17. Kh2 Bf5 18. c3 b4 19. f4 bxc3 20. Bxc3 Nc4 21. Bxg7
Kxg7 22. b3 Nb6 23. Nd4 Bd7 24. Qd2 Qb7 25. Ne6+ fxe6 26. dxe6 d5 27. exd7 Qxd7
28. Rfd1 e6 29. Qd4+ Kg8 30. Re1 Rfe8 31. h4 Nc8 32. Re3 Ne7 33. Ra7 Nc6 34.
Qh8+ Kxh8 35. Rxd7 Nd4 36. b4 h5 37. Re5 Rxb4 38. Rdxd5 exd5 39. Rxe8+ Kg7 40.
Bxd5 Rb2+ 41. Bg2 Nf3+ 42. Kh3 Ng1+ 1/2-1/2

[Event "LIBEREC OPEN 2019"]
[Site "Clarion Grandhotel Zlaty Lev, Liberec"]
[Date "2019.03.02"]
[Round "9"]
[White "Skurniak, Szymon"]
[Black "Bradac, Daniel"]
[Result "1-0"]
[WhiteElo "1974"]
[BlackElo "2020"]
[PlyCount "74"]
[EventDate "2019.02.23"]

1. e4 d5 2. exd5 Qxd5 3. Nc3 Qd8 4. Bc4 Bf5 5. Nf3 Nf6 6. Ne5 e6 7. Qf3 c6 8.
Nxf7 Kxf7 9. Qxf5 Qe8 10. Ne4 h6 11. Nxf6 gxf6 12. Qh5+ Ke7 13. Qxe8+ Kxe8 14.
Bxe6 Bd6 15. d4 Na6 16. O-O Nb4 17. Bf5 Kf7 18. c4 c5 19. Be3 cxd4 20. Bxd4 Nc6
21. Bc3 Bc5 22. Be4 Nd4 23. Rfe1 Rad8 24. Rac1 Rhe8 25. Kf1 Re7 26. b4 Bb6 27.
Bd5+ Kf8 28. Rxe7 Kxe7 29. Re1+ Kf8 30. Bxb7 Nc2 31. Rc1 Nd4 32. c5 Bc7 33. Rd1
Ne6 34. Rxd8+ Nxd8 35. Bd5 Ke7 36. h4 Ne6 37. Bxe6 Kxe6 1-0

[Event "LIBEREC OPEN 2019"]
[Site "Clarion Grandhotel Zlaty Lev, Liberec"]
[Date "2019.03.02"]
[Round "9"]
[White "Habenicht, Martin"]
[Black "Juricek, Stanislav"]
[Result "0-1"]
[WhiteElo "1626"]
[BlackElo "2075"]
[PlyCount "48"]
[EventDate "2019.02.23"]

1. Nf3 Nf6 2. d4 g6 3. c4 Bg7 4. Nc3 O-O 5. e4 d6 6. Be2 e5 7. dxe5 dxe5 8.
Qxd8 Rxd8 9. Bg5 Re8 10. Bxf6 Bxf6 11. Nd5 Bd8 12. O-O c6 13. Nc3 Nd7 14. b4
Nf8 15. Rfd1 Bf6 16. Rac1 Ne6 17. Nd2 Nd4 18. c5 Bg5 19. Bc4 Rd8 20. Kh1 a5 21.
b5 Be6 22. Bxe6 Nxe6 23. Rc2 Nd4 24. Rb2 Nxb5 0-1

[Event "LIBEREC OPEN 2019"]
[Site "Clarion Grandhotel Zlaty Lev, Liberec"]
[Date "2019.03.02"]
[Round "9"]
[White "Wuensch, Ulrich"]
[Black "Hodan, Jiri"]
[Result "1-0"]
[WhiteElo "2064"]
[BlackElo "1865"]
[PlyCount "91"]
[EventDate "2019.02.23"]

1. d4 Nf6 2. Nf3 e6 3. e3 d5 4. Bd3 c5 5. b3 cxd4 6. exd4 Bd6 7. O-O Nc6 8. Re1
O-O 9. Bb2 Qc7 10. a3 a6 11. Nbd2 Re8 12. Ne5 g6 13. Qf3 Nh5 14. Nf1 Ng7 15.
Ng4 Rf8 16. Nf6+ Kh8 17. c4 Be7 18. cxd5 Bxf6 19. dxc6 Be7 20. Be4 bxc6 21.
Bxc6 Rb8 22. Rac1 Qa5 23. b4 Qf5 24. Qg3 Bb7 25. d5 Rfd8 26. Qc3 f6 27. Ng3 Qf4
28. Bxb7 Rxb7 29. dxe6 Ne8 30. Ne4 Rc7 31. Nc5 Rd2 32. Rf1 Nd6 33. g3 Qh6 34.
Qb3 Nf5 35. Nxa6 Nxg3 36. hxg3 Rxb2 37. Qxb2 Ra7 38. Rc8+ Kg7 39. Rc7 Rxa6 40.
Rxe7+ Kg8 41. Qc1 Qf8 42. Rf7 Qe8 43. Qc7 Rxe6 44. Rg7+ Kf8 45. Rxh7 Re7 46.
Qxe7+ 1-0

[Event "LIBEREC OPEN 2019"]
[Site "Clarion Grandhotel Zlaty Lev, Liberec"]
[Date "2019.03.02"]
[Round "9"]
[White "Finek, Vaclav"]
[Black "Cakl, Zdenek"]
[Result "1/2-1/2"]
[WhiteElo "1907"]
[BlackElo "2058"]
[PlyCount "53"]
[EventDate "2019.02.23"]

1. d4 d5 2. c4 e6 3. Nc3 f5 4. Bf4 Nf6 5. e3 Be7 6. Bd3 O-O 7. h3 Ne4 8. Nge2
c6 9. O-O Nd7 10. f3 Nxc3 11. Nxc3 Nf6 12. Qc2 Bd6 13. Bxd6 Qxd6 14. cxd5 Nxd5
15. Qd2 Bd7 16. Rfe1 c5 17. dxc5 Qxc5 18. Nxd5 Qxd5 19. Rad1 Rad8 20. Bb1 Qxd2
21. Rxd2 Ba4 22. Rf2 e5 23. Bc2 Bc6 24. Bb3+ Bd5 25. Bxd5+ Rxd5 26. e4 fxe4 27.
Rxe4 1/2-1/2